Grösste Hauptstädte nach Kontinenten (ohne Agglomeration) - Statistiken

Allgemein
  • Dieses Quiz wurde 43 mal gespielt
    41 seit der letzten Aktualisierung
  • Das Durchschnittsergebnis liegt bei 6 aus 6
Antwortstatistiken
Kontinent Staat Einwohner Hauptstadt % Korrekt
Asien Philippinen 11'165'131 (2009) Manila
100%
Nordamerika Mexiko 8'587'132 (2009) Mexiko-Stadt
100%
Europa Russland 10'494'522 (2009) Moskau
100%
Südamerika Kolumbien 7'776'845 (1900) Bogotá
94%
Australien und Ozeanien Australien 331'755 (2009) Canberra
94%
Afrika Demokratische Republik Kongo 9'518'988 (2009) Kinshasa
88%
Keine übereinstimmenden Quizze gefunden
Verteilung der Resultate
Anzahl Personen mit jedem Resultat
Perzentil nach korrekt beantworteten Fragen
Ihre Resultats-Entwicklung
Sie haben dieses Quiz seit der letzten Aktualisierung nicht gespielt